Unconventional Central Bank Measures for Emerging Economies /

Unconventional central bank measures are playing a key policy role for many advanced economies in the 2007-09 global crisis. Are they playing a similar role for emerging economies? Emerging economies have widely used unconventional foreign exchange and domestic short-term liquidity easing measures....

Popoln opis

Bibliografske podrobnosti
Glavni avtor: Stone, Mark
Drugi avtorji: Ishi, Kotaro, Yehoue, Etienne
Format: Revija
Jezik:English
Izdano: Washington, D.C. : International Monetary Fund, 2009.
Serija:IMF Working Papers; Working Paper ; No. 2009/226
Online dostop:Full text available on IMF
LEADER 01846cas a2200265 a 4500
001 AALejournalIMF006110
008 230101c9999 xx r poo 0 0eng d
020 |c 5.00 USD 
020 |z 9781451873733 
022 |a 1018-5941 
040 |a BD-DhAAL  |c BD-DhAAL 
100 1 |a Stone, Mark. 
245 1 0 |a Unconventional Central Bank Measures for Emerging Economies /  |c Mark Stone, Etienne Yehoue, Kotaro Ishi. 
264 1 |a Washington, D.C. :  |b International Monetary Fund,  |c 2009. 
300 |a 1 online resource (42 pages) 
490 1 |a IMF Working Papers 
500 |a <strong>Off-Campus Access:</strong> No User ID or Password Required 
500 |a <strong>On-Campus Access:</strong> No User ID or Password Required 
506 |a Electronic access restricted to authorized BRAC University faculty, staff and students 
520 3 |a Unconventional central bank measures are playing a key policy role for many advanced economies in the 2007-09 global crisis. Are they playing a similar role for emerging economies? Emerging economies have widely used unconventional foreign exchange and domestic short-term liquidity easing measures. Their use of credit easing and quantitative easing measures has been much more limited. Thus, unconventional measures are much less important for emerging economies compared to advanced economies in achieving broader macroeconomic objectives. The difference can be attributed to the relatively limited financial stress in emerging economies, their external vulnerabilities and their limited scope for quasifiscal activities. 
538 |a Mode of access: Internet 
700 1 |a Ishi, Kotaro. 
700 1 |a Yehoue, Etienne. 
830 0 |a IMF Working Papers; Working Paper ;  |v No. 2009/226 
856 4 0 |z Full text available on IMF  |u http://elibrary.imf.org/view/journals/001/2009/226/001.2009.issue-226-en.xml  |z IMF e-Library